| 000 | 01151nam a2200229 a 4500 | ||
|---|---|---|---|
| 001 | 84792 | ||
| 003 | BD-RjUL | ||
| 005 | 20250409124003.0 | ||
| 008 | 250409s1936 ii ||||| |||| 00| 0 ben d | ||
| 035 | _a(BD-RjUL)84792 | ||
| 040 |
_aBD-RjUL _beng _cBD-RjUL |
||
| 041 | _aeng | ||
| 082 |
_223 _a294.5 _bBHS 1936 |
||
| 100 |
_aভট্টাচার্য্য, শ্রীরঘুনন্দন _915212 |
||
| 245 |
_aশ্রাদ্ধতত্ত্বম / _cমহামহোপাধ্যায়স্মার্ত্ত-শ্রীরঘুনন্দন ভট্টাচার্য্য প্রণীতম; শ্রীচারুকৃষ্ণ দশ্যনাচার্য্যেণ সম্পাদিতং |
||
| 260 |
_aকলিকাতা : _bশ্রীচারুকৃষ্ণ দর্শনাচার্য্য, _c১৯৩৬ |
||
| 300 |
_a৩৪৪ পৃ.; _c২০ সেমি. |
||
| 650 |
_aহিন্দু ধর্ম _94979 |
||
| 650 | _aHinduism | ||
| 700 |
_aদশ্যনাচার্য্যেণ, শ্রীচারুকৃষ্ণ _915213 |
||
| 942 |
_2ddc _cBK |
||
| 999 |
_c84792 _d84792 |
||